Estudios y discursos de crítica histórica y literaria; tomo 2 /

Guardado en:
Autor Principal: Menéndez y Pelayo, Marcelino
Formato: Libro
Publicado: Madrid : Santander, 1941
Materias:
Etiquetas: Agregar Etiqueta
Sin Etiquetas, Sea el primero en etiquetar este registro!
LEADER 00680nam a22002175a 4500
001 CEM.cems004322
005 20060216000000.0
008 130507s1941##################000#0#####d
003 CEMS
082 0 4 |a 808 
100 1 |a Menéndez y Pelayo, Marcelino 
245 1 0 |a Estudios y discursos de crítica histórica y literaria; tomo 2 / 
260 |a Madrid :  |b Santander,  |c 1941 
300 |a 405 p. 
505 0 |a Humanistas.- L¡rica.- Teatro anterior a Lope de Vega. 
653 |a Critica histórica 
653 |a Critica literaria 
653 |a Literatura 
653 |a Poesia lirica 
653 |a Teatro españnol-siglo 15 
859 |a CEMS  |b BIB. CEMS - 11 de abril  |h 808  |i M524/II  |p 9773.81  |t Ej.1